Modern Physics: for scientists and engineers

Guardat en:
Dades bibliogràfiques
Autor principal: Lerner, Lawrence S (Autor)
Format: Llibre
Idioma:anglès
Publicat: Reading Jones and Bartlett publishers 1995
Matèries:
Etiquetes: Afegir etiqueta
Sense etiquetes, Sigues el primer a etiquetar aquest registre!

MARC

LEADER 00000nam a2200000 a 4500
001 UCU3475
003 CL-VaPUC
008 960510e19950000US |||||||||||||||||eng|d
082 0 4 |a 539  |b LER  |2 21 
100 |a Lerner, Lawrence S  |e author  |9 360428 
245 1 0 |a Modern Physics: for scientists and engineers 
300 |a v 
942 |c BK 
945 |d 19960510 00:00:00  |a mcarcey 
260 |a Reading  |b Jones and Bartlett publishers  |c 1995 
650 0 |a Física   |9 227844 
650 7 |a FISICA MODERNA  |2 CL-VaPUC  |9 316548 
650 0 |a Relatividad  |9 269977 
650 0 |a Teoría cuántica  |9 266148 
583 |a last modification  |c 19960510 00:00:00  |k Rodrigo Vera 
999 |c 247473  |d 247471 
952 |0 0  |1 0  |4 0  |6 539_000000000000000_LER_1995  |7 0  |8 A  |9 263419  |a BIBCUR  |b BIBCUR  |d 2019-11-19  |h v.11  |i 3196720  |o 539 LER 1995  |p 3196720  |r 2025-04-22  |w 2019-11-19  |y BK  |k BCB